| 000 | 00929nas a2200301 4500 | ||
|---|---|---|---|
| 001 | BR0603629 | ||
| 003 | BR-BrBNA | ||
| 005 | 20231205110239.0 | ||
| 007 | ta | ||
| 008 | 230509b bl.|||p| |||| 00| 00por d | ||
| 040 |
_aBR-BrBNA _bpor _cBiblioteca Nacional de Agricultura |
||
| 041 | _a(Pt) | ||
| 072 | _aF50; U10 | ||
| 100 | 1 | _aAraújo, E.C.E. | |
| 100 | 1 | _aSantos, E.P. dos | |
| 100 | 1 | _aPrado, C.H.B. de A. | |
| 245 | 1 | _aEstimativa da área foliar da mangueira (Mangifera indica L.)cvs. Tommy Atkins, e Haden, utilizando dimensões lineares | |
| 650 | _aMANGA | ||
| 650 | _aMORFOLOGIA VEGETAL | ||
| 650 | _aFOLHA | ||
| 650 | _aLARGURA | ||
| 650 | _aCOMPRIMENTO | ||
| 650 | _aMÉTODO | ||
| 650 | _aMODELO MATEMÁTICO | ||
| 773 | 0 |
_tRevista Brasileira de Fruticultura (Brazil) _xISSN 0100-2945 _g(Aug 2005), v. 27(2) p. 308-309 _wBR0603629 |
|
| 909 |
_a202311 _bLúcia _c55 _dLúcia Elande |
||
| 942 |
_2AGRIS _n0 _cANA |
||
| 999 |
_c186669 _d186669 |
||